Statistisches Jahrbuch der Deutschen Demokratischen Republik 1989

Gespeichert in:
Bibliographische Detailangaben
Format: Buch
Sprache:Deutsch
Veröffentlicht: Berlin Staatsverlag der DDR 1989
Tags: Tag hinzufügen
Keine Tags, Fügen Sie das erste Tag hinzu!

MARC

LEADER 00000nam a2200000 4500
001 c037333
005 20251203133702.9
041 0 |a ger 
044 |a DE 
245 1 0 |a Statistisches Jahrbuch der Deutschen Demokratischen Republik 1989 
264 1 |a Berlin  |b Staatsverlag der DDR  |c 1989 
300 |a 432, 96, 13 s.